Retailing Management (Record no. 861)

MARC details
005 - DATE AND TIME OF LATEST TRANSACTION
control field 20250318083606.0
020 ## - INTERNATIONAL STANDARD BOOK NUMBER
International Standard Book Number 0-471-63578-2
082 ## - DEWEY DECIMAL CLASSIFICATION NUMBER
Classification number 658.87 DAV
100 ## - MAIN ENTRY--PERSONAL NAME
Author name DAVIDSON, W. R.
245 ## - TITLE STATEMENT
Title Retailing Management
250 ## - EDITION STATEMENT
Edition statement 6th Ed.
260 ## - PUBLICATION, DISTRIBUTION, ETC.
Place of publication, distribution, etc. New York,
Name of publisher, distributor, etc. John Willey & Sons,
Date of publication, distribution, etc. 1988.
300 ## - PHYSICAL DESCRIPTION
Extent xix, 876p.: ill.; figure, table
Other physical details Bibliography, index
Dimensions 24cm.
700 ## - ADDED ENTRY--PERSONAL NAME
Other authors/Editors SWEENEY, D. J. & STAMPFL, R. W.
942 ## - ADDED ENTRY ELEMENTS (KOHA)
Source of classification or shelving scheme Dewey Decimal Classification
Koha item type Books
Holdings
Date last seen Total checkouts Full call number Barcode Cost, replacement price Price effective from Koha item type Lost status Source of classification or shelving scheme Damaged status Not for loan Withdrawn status Home library Current library Shelving location Date acquired Cost, normal purchase price
03/18/2025   658.87 DAV 0000003336 60000.00 03/18/2025 Books   Dewey Decimal Classification       College of Business Education Main Library College of Business Education Main Library General Collection 03/18/2025 20000.00
03/18/2025   658.87 DAV 0000003337 60000.00 03/18/2025 Books   Dewey Decimal Classification       College of Business Education Main Library College of Business Education Main Library General Collection 03/18/2025 20000.00